000 00263nam a2200109Ia 4500
008 190216s9999||||xx |||||||||||||| ||und||
100 _aBimalmitra
245 0 _aPrathi Hajarund
260 _bSahithya Pravarthaka Sahakarana Sangam
650 _aNovel
942 _cBK
999 _c25887
_d25887